[Event "1SM"]
[Site "Sharjah Chess Club"]
[Date "2017.03.24"]
[Round "2.27"]
[White "Amin, Bassem"]
[Black "Mammadov, Zaur"]
[Result "1-0"]
[BlackElo "2422"]
[WhiteElo "2660"]
[LiveChessVersion "1.4.8"]

1. e4 {[%clk 1:40:09]} e6 {[%clk 1:40:51]} 2. d3 {[%clk 1:40:31]} d5
{[%clk 1:41:15]} 3. Qe2 {[%clk 1:38:52]} Nf6 {[%clk 1:40:41]} 4. Nf3
{[%clk 1:39:13]} c5 {[%clk 1:40:32]} 5. g3 {[%clk 1:39:35]} Nc6 {[%clk 1:40:53]}
6. Bg2 {[%clk 1:39:58]} g6 {[%clk 1:39:36]} 7. O-O {[%clk 1:40:17]} Bg7
{[%clk 1:39:55]} 8. Re1 {[%clk 1:39:17]} O-O {[%clk 1:39:29]} 9. e5
{[%clk 1:38:35]} Nd7 {[%clk 1:36:36]} 10. Bf4 {[%clk 1:38:41]} h6
{[%clk 1:36:21]} 11. h4 {[%clk 1:39:06]} f6 {[%clk 1:36:38]} 12. exf6
{[%clk 1:39:08]} Qxf6 {[%clk 1:36:27]} 13. Nc3 {[%clk 1:39:15]} e5
{[%clk 1:21:45]} 14. Be3 {[%clk 1:29:43]} Qd6 {[%clk 1:16:57]} 15. Nb5
{[%clk 1:25:34]} Qb8 {[%clk 1:14:28]} 16. Nh2 {[%clk 1:14:10]} Ne7
{[%clk 1:11:45]} 17. c4 {[%clk 1:13:32]} d4 {[%clk 1:09:27]} 18. Bd2
{[%clk 1:07:03]} a6 {[%clk 1:08:57]} 19. Na3 {[%clk 1:07:17]} Qd6
{[%clk 1:09:20]} 20. Ng4 {[%clk 1:04:36]} Nf5 {[%clk 1:06:14]} 21. Rab1
{[%clk 1:03:58]} Rb8 {[%clk 1:00:44]} 22. b4 {[%clk 1:00:49]} Re8
{[%clk 0:59:57]} 23. Be4 {[%clk 0:57:15]} cxb4 {[%clk 0:57:12]} 24. Bxb4
{[%clk 0:56:50]} Nc5 {[%clk 0:57:35]} 25. Nc2 {[%clk 0:56:25]} b6
{[%clk 0:56:59]} 26. Nh2 {[%clk 0:51:05]} Ne7 {[%clk 0:51:45]} 27. Na1
{[%clk 0:49:22]} Be6 {[%clk 0:48:12]} 28. Nb3 {[%clk 0:48:01]} Qc7
{[%clk 0:48:10]} 29. Bxc5 {[%clk 0:44:54]} bxc5 {[%clk 0:47:03]} 30. Qb2
{[%clk 0:45:00]} Rb4 {[%clk 0:43:04]} 31. Qa3 {[%clk 0:43:49]} Qb6
{[%clk 0:43:12]} 32. Qa5 {[%clk 0:40:32]} Rb8 {[%clk 0:42:41]} 33. Qxb6
{[%clk 0:40:17]} R4xb6 {[%clk 0:43:08]} 34. Nf3 {[%clk 0:40:22]} h5
{[%clk 0:41:17]} 35. Ra1 {[%clk 0:36:33]} Rc8 {[%clk 0:39:09]} 36. Na5
{[%clk 0:36:57]} Rcb8 {[%clk 0:38:38]} 37. Nd2 {[%clk 0:35:28]} Rb2
{[%clk 0:34:38]} 38. Reb1 {[%clk 0:30:59]} Bf5 {[%clk 0:33:17]} 39. Ndb3
{[%clk 0:27:41]} Rxb1+ {[%clk 0:32:41]} 40. Rxb1 {[%clk 0:28:09]} Bxe4
{[%clk 0:32:40]} 41. dxe4 {[%clk 0:28:37]} Rb4 {[%clk 0:32:43]} 42. Kf1
{[%clk 0:26:26]} Ra4 {[%clk 0:25:01]} 43. Rb2 {[%clk 0:25:36]} Nc8
{[%clk 0:23:20]} 44. Ke2 {[%clk 0:25:15]} Nb6 {[%clk 0:22:55]} 45. Rc2
{[%clk 0:23:59]} Ra3 {[%clk 0:19:26]} 46. Nc6 {[%clk 0:18:49]} Kf7
{[%clk 0:13:20]} 47. f4 {[%clk 0:05:37]} Na4 {[%clk 0:12:01]} 48. fxe5
{[%clk 0:05:53]} Nc3+ {[%clk 0:09:58]} 49. Ke1 {[%clk 0:05:59]} Nxe4
{[%clk 0:08:37]} 50. Re2 {[%clk 0:06:18]} Nxg3 {[%clk 0:08:37]} 51. e6+
{[%clk 0:06:33]} Ke8 {[%clk 0:09:00]} 52. Rb2 {[%clk 0:06:23]} Bf8
{[%clk 0:05:04]} 53. Nxc5 {[%clk 0:03:28]} Bd6 {[%clk 0:04:34]} 54. Rb7
{[%clk 0:03:17]} Rxa2 {[%clk 0:02:52]} 55. Rd7 {[%clk 0:01:55]} Re2+
{[%clk 0:03:10]} 56. Kd1 {[%clk 0:02:24]} Rxe6 {[%clk 0:03:32]} 57. Rd8+
{[%clk 0:02:30]} Kf7 {[%clk 0:03:56]} 58. Nxe6 {[%clk 0:02:49]} Kxe6
{[%clk 0:04:21]} 59. Nxd4+ {[%clk 0:03:13]} Ke7 {[%clk 0:04:25]} 60. Rg8
{[%clk 0:02:28]} Kf7 {[%clk 0:03:24]} 61. Ra8 {[%clk 0:02:40]} Bc5
{[%clk 0:02:51]} 62. Nb3 {[%clk 0:02:04]} Be7 {[%clk 0:03:16]} 63. c5
{[%clk 0:02:28]} Nf5 {[%clk 0:01:58]} 64. c6 {[%clk 0:01:28]} Ne3+
{[%clk 0:02:26]} 65. Ke2 {[%clk 0:01:03]} Nd5 {[%clk 0:02:52]} 66. Ra7
{[%clk 0:01:13]} Ke8 {[%clk 0:03:03]} 67. Nd4 {[%clk 0:00:52]} Bc5
{[%clk 0:03:11]} 68. Ra8+ {[%clk 0:00:56]} Ke7 {[%clk 0:03:35]} 69. Nb3
{[%clk 0:01:06]} Bb6 {[%clk 0:03:28]} 70. Kf3 {[%clk 0:00:37]} Kd6
{[%clk 0:03:47]} 71. Rxa6 {[%clk 0:00:36]} Kxc6 {[%clk 0:04:09]} 72. Nd2
{[%clk 0:00:37]} Kb7 {[%clk 0:04:14]} 73. Ra4 {[%clk 0:01:00]} Bd8
{[%clk 0:03:59]} 74. Re4 {[%clk 0:00:54]} Kc6 {[%clk 0:04:13]} 75. Nc4
{[%clk 0:01:10]} g5 {[%clk 0:02:13]} 76. Ne5+ {[%clk 0:01:31]} Kc5
{[%clk 0:02:34]} 77. Rc4+ {[%clk 0:00:47]} Kb5 {[%clk 0:02:54]} 78. Ke4
{[%clk 0:00:53]} Nb6 {[%clk 0:02:36]} 79. Rd4 {[%clk 0:00:35]} Bf6
{[%clk 0:02:59]} 80. hxg5 {[%clk 0:00:40]} Bxg5 {[%clk 0:03:26]} 81. Kf5
{[%clk 0:00:58]} Be7 {[%clk 0:03:29]} 82. Ng6 {[%clk 0:01:09]} Bc5
{[%clk 0:03:02]} 83. Rh4 {[%clk 0:01:35]} Nd5 {[%clk 0:03:06]} 84. Ke6
{[%clk 0:01:45]} Nc7+ {[%clk 0:03:05]} 85. Ke5 {[%clk 0:01:59]} Kc6
{[%clk 0:03:32]} 86. Rc4 {[%clk 0:01:34]} Nd5 {[%clk 0:02:59]} 87. Rc1
{[%clk 0:01:39]} Nb4 {[%clk 0:03:25]} 88. Ke4 {[%clk 0:01:57]} Kb5
{[%clk 0:03:41]} 89. Rh1 {[%clk 0:02:08]} Na6 {[%clk 0:02:34]} 90. Ne5
{[%clk 0:02:31]} Bd6 {[%clk 0:02:43]} 91. Nf3 {[%clk 0:02:39]} Nc7
{[%clk 0:01:40]} 92. Nd4+ {[%clk 0:03:03]} Kb6 {[%clk 0:01:43]} 93. Rxh5
{[%clk 0:01:49]} Kb7 {[%clk 0:02:08]} 94. Rh7 {[%clk 0:00:55]} Kb6
{[%clk 0:02:17]} 95. Rh6 {[%clk 0:01:02]} Kc5 {[%clk 0:02:46]} 96. Nb3+
{[%clk 0:01:15]} Kc6 {[%clk 0:03:10]} 97. Na5+ {[%clk 0:01:25]} Kd7
{[%clk 0:03:37]} 98. Nc4 {[%clk 0:01:41]} Bb4 {[%clk 0:03:09]} 99. Nb6+
{[%clk 0:01:55]} Ke7 {[%clk 0:02:33]} 100. Kd4 {[%clk 0:01:30]} Ne6+
{[%clk 0:01:42]} 101. Kd5 {[%clk 0:01:54]} Nf8 {[%clk 0:01:56]} 102. Nc4
{[%clk 0:01:09]} Kf7 {[%clk 0:01:49]} 103. Ne5+ {[%clk 0:01:28]} Kg7
{[%clk 0:02:15]} 104. Rc6 {[%clk 0:01:35]} Ba5 {[%clk 0:01:40]} 105. Ke4
{[%clk 0:01:49]} Be1 {[%clk 0:01:24]} 106. Rc7+ {[%clk 0:01:33]} Kg8
{[%clk 0:01:38]} 107. Rc1 {[%clk 0:01:26]} Bf2 {[%clk 0:01:25]} 108. Rc2
{[%clk 0:01:51]} Bb6 {[%clk 0:01:46]} 109. Rg2+ {[%clk 0:01:29]} Kh7
{[%clk 0:02:14]} 110. Kf5 {[%clk 0:01:46]} Bd4 {[%clk 0:01:47]} 111. Nf3
{[%clk 0:02:01]} Bg7 {[%clk 0:02:05]} 112. Ng5+ {[%clk 0:02:05]} Kg8
{[%clk 0:02:16]} 113. Rg3 {[%clk 0:00:42]} Kh8 {[%clk 0:02:13]} 114. Ne6
{[%clk 0:00:56]} Bh6 {[%clk 0:01:33]} 115. Rh3 {[%clk 0:00:49]} 1-0

[Event "1SM"]
[Site "Sharjah Chess Club"]
[Date "2017.03.24"]
[Round "2.28"]
[White "Kuzubov, Yuriy"]
[Black "Omar, Noaman"]
[Result "1-0"]
[BlackElo "2379"]
[WhiteElo "2643"]
[LiveChessVersion "1.4.8"]

1. d4 {[%clk 1:40:56]} d5 {[%clk 1:33:28]} 2. c4 {[%clk 1:41:19]} e6
{[%clk 1:33:33]} 3. Nc3 {[%clk 1:41:41]} Nf6 {[%clk 1:33:27]} 4. cxd5
{[%clk 1:41:49]} exd5 {[%clk 1:33:49]} 5. Bg5 {[%clk 1:42:13]} Be7
{[%clk 1:33:28]} 6. e3 {[%clk 1:42:35]} c6 {[%clk 1:33:29]} 7. Bd3
{[%clk 1:42:07]} Nbd7 {[%clk 1:33:35]} 8. Nge2 {[%clk 1:38:49]} O-O
{[%clk 1:33:47]} 9. Qc2 {[%clk 1:38:14]} Re8 {[%clk 1:33:56]} 10. O-O
{[%clk 1:38:17]} Nf8 {[%clk 1:34:20]} 11. Rae1 {[%clk 1:28:26]} g6
{[%clk 1:33:38]} 12. f3 {[%clk 1:26:25]} Ne6 {[%clk 1:33:48]} 13. Bh4
{[%clk 1:26:47]} b6 {[%clk 1:33:27]} 14. Kh1 {[%clk 1:23:09]} Bb7
{[%clk 1:27:49]} 15. Qb1 {[%clk 0:49:58]} c5 {[%clk 1:00:54]} 16. dxc5
{[%clk 0:48:31]} bxc5 {[%clk 1:00:54]} 17. Bb5 {[%clk 0:48:50]} Rf8
{[%clk 0:59:05]} 18. Rd1 {[%clk 0:47:15]} Qb6 {[%clk 0:55:17]} 19. e4
{[%clk 0:35:53]} Nd4 {[%clk 0:19:28]} 20. e5 {[%clk 0:21:17]} Nxb5
{[%clk 0:19:20]} 21. exf6 {[%clk 0:21:05]} Nxc3 {[%clk 0:18:44]} 22. Nxc3
{[%clk 0:16:52]} Bxf6 {[%clk 0:18:42]} 23. Na4 {[%clk 0:15:19]} Qc6
{[%clk 0:18:31]} 24. Bxf6 {[%clk 0:15:38]} Qxa4 {[%clk 0:12:30]} 25. Qc1
{[%clk 0:14:33]} Qa6 {[%clk 0:12:26]} 26. Be7 {[%clk 0:14:06]} Rfe8
{[%clk 0:12:09]} 27. Bxc5 {[%clk 0:13:43]} Re6 {[%clk 0:02:28]} 28. Bd4
{[%clk 0:12:28]} Qxa2 {[%clk 0:02:17]} 29. h4 {[%clk 0:11:46]} Rae8
{[%clk 0:00:33]} 30. Qh6 {[%clk 0:10:08]} f6 {[%clk 0:00:45]} 31. h5
{[%clk 0:10:03]} R8e7 {[%clk 0:00:58]} 32. hxg6 {[%clk 0:09:43]} Qa6
{[%clk 0:01:00]} 33. Kg1 {[%clk 0:08:57]} hxg6 {[%clk 0:01:02]} 34. Qxg6+
{[%clk 0:04:25]} Rg7 {[%clk 0:01:26]} 35. Qf5 {[%clk 0:04:03]} Re2
{[%clk 0:00:39]} 36. Rf2 {[%clk 0:03:17]} Rxf2 {[%clk 0:00:31]} 37. Bxf2
{[%clk 0:02:49]} d4 {[%clk 0:00:31]} 38. Rxd4 {[%clk 0:02:12]} Qa1+
{[%clk 0:00:31]} 39. Kh2 {[%clk 0:02:34]} Rh7+ {[%clk 0:00:39]} 40. Bh4
{[%clk 0:02:52]} 1-0

[Event "1SM"]
[Site "Sharjah Chess Club"]
[Date "2017.03.24"]
[Round "2.29"]
[White "Bok, Benjamin"]
[Black "Laxman, R.R."]
[Result "0-1"]
[BlackElo "2403"]
[WhiteElo "2596"]
[LiveChessVersion "1.4.8"]

1. Nf3 {[%clk 1:40:57]} Nf6 {[%clk 1:40:45]} 2. g3 {[%clk 1:41:18]} b6
{[%clk 1:38:44]} 3. Bg2 {[%clk 1:41:40]} Bb7 {[%clk 1:39:09]} 4. O-O
{[%clk 1:42:00]} g6 {[%clk 1:39:25]} 5. c4 {[%clk 1:41:42]} Bg7 {[%clk 1:38:25]}
6. d4 {[%clk 1:42:04]} e6 {[%clk 1:38:38]} 7. Qc2 {[%clk 1:37:04]} O-O
{[%clk 1:33:28]} 8. Nc3 {[%clk 1:37:07]} d5 {[%clk 1:28:10]} 9. cxd5
{[%clk 1:36:43]} exd5 {[%clk 1:28:22]} 10. Bf4 {[%clk 1:35:51]} Na6
{[%clk 1:28:15]} 11. Rac1 {[%clk 1:31:11]} c5 {[%clk 1:27:15]} 12. Rfd1
{[%clk 1:26:13]} Qe7 {[%clk 1:25:18]} 13. Be5 {[%clk 1:21:14]} Rfd8
{[%clk 1:24:21]} 14. e3 {[%clk 1:14:09]} Nb4 {[%clk 1:18:54]} 15. Qa4
{[%clk 1:08:45]} c4 {[%clk 1:11:39]} 16. Ne1 {[%clk 1:04:25]} Bc6
{[%clk 1:10:35]} 17. Qa3 {[%clk 1:03:41]} Bf8 {[%clk 1:11:00]} 18. b3
{[%clk 0:57:31]} Ng4 {[%clk 1:08:18]} 19. bxc4 {[%clk 0:50:22]} dxc4
{[%clk 1:02:31]} 20. Bxc6 {[%clk 0:45:09]} Nxc6 {[%clk 1:02:53]} 21. Qxe7
{[%clk 0:45:31]} Bxe7 {[%clk 1:03:17]} 22. Bc7 {[%clk 0:29:24]} Rd7
{[%clk 1:02:37]} 23. Bf4 {[%clk 0:18:41]} g5 {[%clk 0:55:03]} 24. h3
{[%clk 0:19:06]} gxf4 {[%clk 0:55:27]} 25. hxg4 {[%clk 0:19:33]} fxe3
{[%clk 0:55:51]} 26. fxe3 {[%clk 0:20:01]} Re8 {[%clk 0:54:14]} 27. Kf2
{[%clk 0:19:38]} a6 {[%clk 0:54:12]} 28. Kf3 {[%clk 0:11:40]} Kg7
{[%clk 0:53:29]} 29. Ng2 {[%clk 0:10:03]} b5 {[%clk 0:53:03]} 30. Nf4
{[%clk 0:10:12]} Bg5 {[%clk 0:50:09]} 31. a3 {[%clk 0:04:10]} h6 {[%clk 0:50:09]}
32. Rc2 {[%clk 0:03:24]} Red8 {[%clk 0:48:53]} 33. Rdc1 {[%clk 0:02:40]} Na5
{[%clk 0:49:01]} 34. Rh1 {[%clk 0:01:55]} Re8 {[%clk 0:48:21]} 35. Re2
{[%clk 0:01:06]} Nb3 {[%clk 0:47:05]} 36. Rd1 {[%clk 0:00:46]} Rb8
{[%clk 0:45:41]} 37. Ne4 {[%clk 0:01:03]} Rb6 {[%clk 0:45:43]} 38. Rh2
{[%clk 0:00:46]} Be7 {[%clk 0:41:04]} 39. Rdh1 {[%clk 0:00:33]} a5
{[%clk 0:38:57]} 40. Rh5 {[%clk 0:00:38]} Bxa3 {[%clk 0:38:58]} 41. g5
{[%clk 0:00:46]} Be7 {[%clk 0:35:33]} 42. gxh6+ {[%clk 0:00:35]} Kh7
{[%clk 0:36:02]} 43. Rf5 {[%clk 0:00:34]} Bd8 {[%clk 0:34:58]} 44. Nd5
{[%clk 0:00:37]} Rg6 {[%clk 0:34:53]} 45. Ndf6+ {[%clk 0:00:43]} Bxf6
{[%clk 0:35:21]} 46. Nxf6+ {[%clk 0:01:12]} Rxf6 {[%clk 0:35:49]} 47. Rxf6
{[%clk 0:01:35]} c3 {[%clk 0:33:49]} 48. Rc6 {[%clk 0:01:32]} Nd2+
{[%clk 0:32:15]} 49. Ke2 {[%clk 0:00:59]} b4 {[%clk 0:32:33]} 50. Kd3 Rb7
{[%clk 0:32:19]} 51. Ra6 {[%clk 0:00:38]} f5 {[%clk 0:30:37]} 52. Rxa5
{[%clk 0:00:44]} Ne4 {[%clk 0:30:15]} 53. Rha1 {[%clk 0:00:37]} b3
{[%clk 0:28:01]} 54. Ra7 {[%clk 0:00:35]} Rxa7 {[%clk 0:28:27]} 55. Rxa7+
{[%clk 0:01:03]} Kxh6 {[%clk 0:28:53]} 56. Ra1 {[%clk 0:00:38]} Kg5
{[%clk 0:27:41]} 57. d5 {[%clk 0:00:35]} c2 {[%clk 0:27:16]} 58. Rf1
{[%clk 0:00:33]} Nxg3 {[%clk 0:26:35]} 59. Rg1 {[%clk 0:00:31]} Kf6
{[%clk 0:26:56]} 60. Re1 {[%clk 0:00:31]} Ne4 {[%clk 0:26:37]} 61. Ra1
{[%clk 0:00:31]} Ke5 {[%clk 0:26:32]} 62. Rf1 {[%clk 0:00:37]} Kd6
{[%clk 0:26:40]} 63. Rg1 {[%clk 0:00:33]} Kxd5 {[%clk 0:26:58]} 64. Rf1
{[%clk 0:00:56]} Kd6 {[%clk 0:27:18]} 65. Rg1 {[%clk 0:00:32]} Kc5
{[%clk 0:27:42]} 66. Rf1 {[%clk 0:00:35]} Kb4 {[%clk 0:28:00]} 67. Rg1
{[%clk 0:00:32]} Ka3 {[%clk 0:28:19]} 68. Rf1 {[%clk 0:00:33]} Kb2
{[%clk 0:28:38]} 0-1

[Event "1SM"]
[Site "Sharjah Chess Club"]
[Date "2017.03.24"]
[Round "2.30"]
[White "Yakubboev, Nodirbek"]
[Black "Adly, Ahmed"]
[Result "0-1"]
[BlackElo "2593"]
[WhiteElo "2427"]
[LiveChessVersion "1.4.8"]

1. e4 {[%clk 1:39:53]} c5 {[%clk 1:40:50]} 2. Nf3 {[%clk 1:39:44]} d6
{[%clk 1:41:18]} 3. Bb5+ {[%clk 1:38:28]} Bd7 {[%clk 1:41:43]} 4. Bxd7+
{[%clk 1:33:44]} Qxd7 {[%clk 1:42:10]} 5. c4 {[%clk 1:30:25]} Nc6
{[%clk 1:42:30]} 6. Nc3 {[%clk 1:29:27]} g6 {[%clk 1:42:50]} 7. d4
{[%clk 1:27:43]} Bg7 {[%clk 1:43:17]} 8. Be3 {[%clk 1:27:02]} cxd4
{[%clk 1:42:42]} 9. Nxd4 {[%clk 1:22:50]} Nf6 {[%clk 1:43:06]} 10. f3
{[%clk 1:20:29]} O-O {[%clk 1:43:32]} 11. O-O {[%clk 1:19:20]} e6
{[%clk 1:44:00]} 12. Rc1 {[%clk 1:12:41]} Rfd8 {[%clk 1:39:41]} 13. Qd2
{[%clk 1:01:06]} Rac8 {[%clk 1:37:49]} 14. b3 {[%clk 0:53:06]} Qe7
{[%clk 1:38:11]} 15. Bf2 {[%clk 0:43:41]} Nh5 {[%clk 1:20:22]} 16. Rfd1
{[%clk 0:40:12]} Be5 {[%clk 1:20:29]} 17. Nce2 {[%clk 0:37:00]} g5
{[%clk 1:09:12]} 18. Be3 {[%clk 0:30:45]} h6 {[%clk 1:04:56]} 19. b4
{[%clk 0:26:27]} a6 {[%clk 1:01:45]} 20. Nb3 {[%clk 0:18:43]} Kh7
{[%clk 0:56:43]} 21. Bb6 {[%clk 0:15:21]} Rg8 {[%clk 0:57:05]} 22. b5
{[%clk 0:14:16]} Nb8 {[%clk 0:57:31]} 23. c5 {[%clk 0:14:06]} dxc5
{[%clk 0:57:09]} 24. Bxc5 {[%clk 0:13:28]} Qf6 {[%clk 0:57:21]} 25. Bd4
{[%clk 0:07:06]} axb5 {[%clk 0:56:50]} 26. Rc5 {[%clk 0:05:23]} Nc6
{[%clk 0:46:51]} 27. Bxe5 {[%clk 0:04:35]} Nxe5 {[%clk 0:47:17]} 28. Rxc8
{[%clk 0:01:46]} Rxc8 {[%clk 0:47:45]} 29. Nbd4 {[%clk 0:01:46]} Nc4
{[%clk 0:46:28]} 30. Qb4 {[%clk 0:00:57]} Nf4 {[%clk 0:46:55]} 31. Qxb5
{[%clk 0:00:39]} Ne3 {[%clk 0:46:58]} 32. Rd2 {[%clk 0:00:46]} Nexg2
{[%clk 0:40:54]} 33. Qxb7 {[%clk 0:00:50]} Nxe2+ {[%clk 0:38:44]} 34. Nxe2
{[%clk 0:00:47]} Nh4 {[%clk 0:39:01]} 35. Nd4 {[%clk 0:00:35]} Rc1+
{[%clk 0:35:53]} 36. Kf2 {[%clk 0:00:58]} Qf4 {[%clk 0:36:22]} 0-1

[Event "1SM"]
[Site "Sharjah Chess Club"]
[Date "2017.03.24"]
[Round "2.31"]
[White "Iniyan, P"]
[Black "Maghsoodloo, Parham"]
[Result "0-1"]
[BlackElo "2576"]
[WhiteElo "2378"]
[LiveChessVersion "1.4.8"]

1. d4 {[%clk 1:40:50]} Nf6 {[%clk 1:40:52]} 2. c4 {[%clk 1:41:16]} e6
{[%clk 1:41:17]} 3. Nc3 {[%clk 1:41:43]} Bb4 {[%clk 1:41:43]} 4. Nf3
{[%clk 1:41:41]} c5 {[%clk 1:42:03]} 5. g3 {[%clk 1:41:31]} Nc6 {[%clk 1:41:43]}
6. Bg2 {[%clk 1:41:14]} Ne4 {[%clk 1:42:00]} 7. Bd2 {[%clk 1:24:02]} Nxd2
{[%clk 1:41:02]} 8. Qxd2 {[%clk 1:24:27]} cxd4 {[%clk 1:41:24]} 9. Nxd4
{[%clk 1:24:51]} O-O {[%clk 1:41:13]} 10. O-O {[%clk 1:24:06]} Ne5
{[%clk 1:41:29]} 11. b3 {[%clk 1:13:46]} Qa5 {[%clk 1:40:10]} 12. Rfc1
{[%clk 1:12:51]} Ba3 {[%clk 1:40:21]} 13. Rd1 {[%clk 1:12:16]} a6
{[%clk 1:39:57]} 14. Na4 {[%clk 1:05:08]} Nxc4 {[%clk 1:37:37]} 15. Qxa5
{[%clk 1:05:09]} Nxa5 {[%clk 1:37:58]} 16. Nc2 {[%clk 1:05:37]} Be7
{[%clk 1:36:59]} 17. Nb6 {[%clk 1:06:00]} Rb8 {[%clk 1:37:22]} 18. Nxd7
{[%clk 1:06:23]} Bxd7 {[%clk 1:36:13]} 19. Rxd7 {[%clk 1:05:38]} Rfc8
{[%clk 1:36:40]} 20. Rxe7 {[%clk 0:51:30]} Rxc2 {[%clk 1:34:16]} 21. b4
{[%clk 0:51:46]} Kf8 {[%clk 1:34:40]} 22. Rd7 {[%clk 0:51:27]} Ke8
{[%clk 1:35:08]} 23. Rad1 {[%clk 0:48:42]} Nc4 {[%clk 1:35:23]} 24. Rxb7
{[%clk 0:27:34]} Rxb7 {[%clk 1:35:38]} 25. Bxb7 {[%clk 0:27:56]} Rxa2
{[%clk 1:36:03]} 26. Bc6+ {[%clk 0:23:57]} Ke7 {[%clk 1:36:29]} 27. Rd7+
{[%clk 0:24:21]} Kf6 {[%clk 1:36:11]} 28. Bf3 {[%clk 0:24:43]} h6
{[%clk 1:14:14]} 29. Kg2 {[%clk 0:19:48]} Na3 {[%clk 1:02:35]} 30. Rb7
{[%clk 0:18:00]} Nc4 {[%clk 0:52:11]} 31. Rd7 {[%clk 0:15:15]} g6
{[%clk 0:52:08]} 32. h4 {[%clk 0:13:22]} Ra4 {[%clk 0:48:09]} 33. Ra7
{[%clk 0:13:03]} Nd6 {[%clk 0:47:15]} 34. Bc6 {[%clk 0:12:12]} Rxb4
{[%clk 0:46:18]} 35. Rxa6 {[%clk 0:12:17]} g5 {[%clk 0:46:45]} 36. hxg5+
{[%clk 0:10:04]} hxg5 {[%clk 0:46:59]} 37. Ra4 {[%clk 0:10:18]} Rb2
{[%clk 0:46:28]} 38. Bf3 {[%clk 0:10:41]} Kg6 {[%clk 0:41:13]} 39. Rd4
{[%clk 0:08:53]} Rb6 {[%clk 0:40:38]} 40. g4 {[%clk 0:08:03]} Kf6
{[%clk 0:40:43]} 41. Kg3 {[%clk 0:08:18]} Ra6 {[%clk 0:40:26]} 42. e3
{[%clk 0:07:49]} Ke5 {[%clk 0:40:36]} 43. Rd2 {[%clk 0:07:49]} Ra4
{[%clk 0:39:44]} 44. Bc6 {[%clk 0:07:46]} Ra3 {[%clk 0:39:59]} 45. Kg2
{[%clk 0:06:48]} Nc4 {[%clk 0:40:11]} 46. Rc2 {[%clk 0:06:15]} Nb6
{[%clk 0:37:21]} 47. Be8 {[%clk 0:04:49]} Ra7 {[%clk 0:37:34]} 48. Rb2
{[%clk 0:04:20]} Nd5 {[%clk 0:35:46]} 49. Bc6 {[%clk 0:04:35]} Ne7
{[%clk 0:36:14]} 50. Rb5+ {[%clk 0:03:27]} Kf6 {[%clk 0:36:43]} 51. Bf3
{[%clk 0:03:14]} Ng6 {[%clk 0:37:01]} 52. Be4 {[%clk 0:03:25]} Ne5
{[%clk 0:37:11]} 53. f4 {[%clk 0:02:58]} Ra2+ {[%clk 0:35:10]} 54. Kh3
{[%clk 0:03:09]} Nc4 {[%clk 0:35:09]} 55. fxg5+ {[%clk 0:00:51]} Kg7
{[%clk 0:35:38]} 56. Rb3 {[%clk 0:00:35]} Nd2 {[%clk 0:35:23]} 57. Rb4
{[%clk 0:00:39]} Nf1 {[%clk 0:29:35]} 58. Bg2 {[%clk 0:01:04]} Nxe3
{[%clk 0:30:02]} 59. Be4 {[%clk 0:01:29]} Nf1 {[%clk 0:30:09]} 60. Bg2
{[%clk 0:01:54]} Ne3 {[%clk 0:27:13]} 61. Be4 {[%clk 0:02:09]} Nd1
{[%clk 0:27:32]} 62. Kg3 {[%clk 0:01:52]} Ra3+ {[%clk 0:27:54]} 63. Bf3
{[%clk 0:01:44]} Nc3 {[%clk 0:27:43]} 64. Kf4 {[%clk 0:01:41]} Ra5
{[%clk 0:27:50]} 65. Rc4 {[%clk 0:01:05]} e5+ {[%clk 0:26:43]} 66. Kg3
{[%clk 0:01:05]} Ra3 {[%clk 0:27:05]} 67. Kh4 {[%clk 0:01:27]} Nb5
{[%clk 0:26:20]} 68. Bd5 {[%clk 0:01:18]} Rd3 {[%clk 0:26:30]} 69. Rc5
{[%clk 0:01:32]} Nd6 {[%clk 0:23:42]} 70. Bc6 {[%clk 0:00:42]} e4
{[%clk 0:22:36]} 71. Rd5 {[%clk 0:00:36]} Nc4 {[%clk 0:23:04]} 72. g6
{[%clk 0:00:32]} fxg6 {[%clk 0:21:57]} 73. Kg5 {[%clk 0:00:55]} Nd2
{[%clk 0:19:59]} 74. Ra5 {[%clk 0:00:40]} e3 {[%clk 0:18:58]} 75. Re5
{[%clk 0:00:52]} Nc4 {[%clk 0:17:20]} 76. Re7+ {[%clk 0:00:39]} Kf8
{[%clk 0:17:48]} 77. Re6 {[%clk 0:00:34]} Kf7 {[%clk 0:17:01]} 78. Re4
{[%clk 0:00:59]} Nd6 {[%clk 0:14:19]} 79. Re5 {[%clk 0:01:24]} Kg7
{[%clk 0:14:43]} 80. Kf4 {[%clk 0:00:38]} Rd4+ {[%clk 0:12:13]} 81. Kf3
{[%clk 0:00:36]} Kf6 {[%clk 0:11:36]} 82. Rd5 {[%clk 0:00:36]} Rxd5
{[%clk 0:11:50]} 83. Bxd5 {[%clk 0:01:00]} Ke5 {[%clk 0:12:20]} 84. Bb3
{[%clk 0:00:42]} Kd4 {[%clk 0:12:48]} 85. Ke2 {[%clk 0:00:58]} g5
{[%clk 0:13:07]} 86. Bc2 {[%clk 0:01:08]} Ne4 {[%clk 0:13:10]} 87. Kf3
{[%clk 0:01:21]} Nf6 {[%clk 0:13:13]} 88. Bf5 {[%clk 0:01:41]} Nd5
{[%clk 0:13:37]} 89. Bh7 {[%clk 0:02:06]} Nf6 {[%clk 0:08:04]} 90. Bf5
{[%clk 0:02:30]} Ng8 {[%clk 0:08:22]} 91. Be6 {[%clk 0:00:53]} Nh6
{[%clk 0:08:33]} 92. Bd7 {[%clk 0:01:20]} Kd3 {[%clk 0:08:42]} 93. Bb5+
{[%clk 0:01:28]} Kd2 {[%clk 0:09:11]} 94. Bc4 {[%clk 0:01:39]} Nf7
{[%clk 0:09:39]} 95. Bf1 {[%clk 0:01:27]} Ne5+ {[%clk 0:10:01]} 96. Ke4
{[%clk 0:01:53]} Nxg4 {[%clk 0:10:28]} 97. Kf5 {[%clk 0:02:14]} Nh2
{[%clk 0:10:54]} 98. Bb5 {[%clk 0:02:38]} g4 {[%clk 0:11:20]} 99. Kf4
{[%clk 0:03:02]} e2 {[%clk 0:11:44]} 100. Bxe2 {[%clk 0:03:29]} Kxe2
{[%clk 0:12:02]} 101. Kg3 {[%clk 0:03:57]} Kf1 {[%clk 0:11:50]} 102. Kxh2
{[%clk 0:04:23]} Kf2 {[%clk 0:12:17]} 103. Kh1 {[%clk 0:04:46]} Kg3
{[%clk 0:12:37]} 104. Kg1 {[%clk 0:05:13]} Kh3 {[%clk 0:13:02]} 0-1